Монеты Ольвии (Запис № 319822)

МАРК-запис
000 -Лідер
fixed length control field 00744nam a22002537a 4500
003 - Ідентифікатор контрольного номера
control field UA-OsUOA
001 - Контрольний номер
control field 33355
007 - Фіксоване поле фізичного опису
fixed length control field ta
008 - Елементи даних фіксованої довжини – загальна інформація
fixed length control field 20041201b un ||||| |||| 00| 0 ukr d
090 ## - Локальний шифр розміщення
Класифікаційний індекс УДК 903
Авторський знак (НП) А87
040 ## - Джерело каталогізації
Агенція оригінальної каталогізації UA-OsUOA
Мова каталогізації rus
Агенція, яка здійснювала перезапис UA-OsUOA
Агенція, яка здійснювала модифікацію UA-OsUOA
041 ## - Код мови
Код мови тексту/ звукової доріжки чи окремого заголовка (П) rus
080 ## - Індекс Універсальної десяткової класифікації
Індекс Універсальної десяткової класифікації (УДК) (НП) 903
020 ## - Міжнародний стандартний книжковий номер (ISBN)
Міжнародний стандартний книжковий номер (ISBN) (НП) 5-12-000104-1
044 ## - Код країни видавця/ виробника
Код країни видавця/ виробника (П) UA
100 ## - Основне введення – ім’я особи
Ім’я особи (НП) Карышковский П. О.
245 ## - Відомості про назву
Назва (НП) Монеты Ольвии
Решта назви (НП) Очерк денежного обращения Северо-Западного Причерноморья в античную эпоху
260 ## - Публікація, розповсюдження і т.п. (Вихідні дані)
Місце публікації, розповсюдження і т.п. (П) Киев
Ім’я/ наймення видавництва, розповсюджувача і т.п. (П) Наукова думка
Дата публікації, розповсюдження і т.п. (П) 1988
300 ## - Фізичний опис
Обсяг 168 с.
Інші фізичні характеристики (НП) Ілюстрації
650 #7 - Додаткове предметне введення – тематичний термін
Джерело заголовка чи терміна UDC
942 ## - Додаткові елементи входу (Коха)
Тип елемента Koha Книги
955 ## - Код типу видання за змістом
Код типу видання за змістом (НП) інше
Фонди
Стан вилучень Стан втрат Джерело класифікації або схеми стелажів Стан уражень Не для кредиту Постійне місце розташування Поточне розміщення Дата придбання Вартість, звичайна ціна покупки Інвентарний номер Усього замовленно Повний номер виклику Штрих-код Дата останнього перегляду Ціна ефективна від Тип елемента Koha
    Universal Decimal Classification     ЧЗ - Читальна зала ЧЗ - Читальна зала 02/12/2004 18.18 72960   903 А87 72960 07/02/2022 01/12/2004 Книги
    Universal Decimal Classification     ЧЗ - Читальна зала ЧЗ - Читальна зала 02/12/2004   72961   903 А87 72961 07/02/2022 01/12/2004 Книги
    Universal Decimal Classification     ЧЗ - Читальна зала ЧЗ - Читальна зала 02/12/2004 34.25 72962   903 А87 72962 07/02/2022 01/12/2004 Книги
    Universal Decimal Classification     ЧЗ - Читальна зала ЧЗ - Читальна зала 02/12/2004 18.18 72963   903 А87 72963 07/02/2022 01/12/2004 Книги
    Universal Decimal Classification     ЧЗ - Читальна зала ЧЗ - Читальна зала 02/12/2004   72964   903 А87 72964 07/02/2022 01/12/2004 Книги
    Universal Decimal Classification     ЧЗ - Читальна зала ЧЗ - Читальна зала 02/12/2004   72965   903 А87 72965 07/02/2022 01/12/2004 Книги